000 00755cab a2200229 4500
001 WB3438-20
008 090401t1998 xxu||||| |||| 00| 0 eng d
035 _a(Sirsi) u88839
041 _aeng
245 _aFrom little acorns
260 _c1998
350 _a0
490 _aIndependent supplement
_v3 October 1998, 32-33(2)
520 _aDescribes the work of Future Forests which actively encourages individuals and companies to sponsor the planting of tress to help offser the effects of carbon dioxide on the environment.
650 _aCARBON OFFSET
650 _aCARBON DIOXIDE EMISSIONS
650 _aEnvironment
_96238
650 _aFUTURE FORESTS
690 _aENVIRONMENTAL AND LAND CONSULTANCY
942 _n0
948 _c06/10/1998
999 _c56178
_d56178